|
|
|
|
| LEADER |
00000cam a22000004a 4500 |
| 001 |
musev2_2123 |
| 003 |
MdBmJHUP |
| 005 |
20230905040303.0 |
| 006 |
m o d |
| 007 |
cr||||||||nn|n |
| 008 |
100126s2010 nmu o 00 0 eng d |
| 010 |
|
|
|z 2010001795
|
| 020 |
|
|
|a 9780826346810
|
| 020 |
|
|
|z 0826346790
|
| 020 |
|
|
|z 0826346812
|
| 020 |
|
|
|z 9780826346797
|
| 035 |
|
|
|a (OCoLC)759158379
|
| 040 |
|
|
|a MdBmJHUP
|c MdBmJHUP
|
| 043 |
|
|
|a n-us---
|
| 050 |
0 |
4 |
|a BL2525
|b .S7525 2010
|
| 082 |
0 |
|
|a 202/.3
|2 22
|
| 100 |
1 |
|
|a Stewart, Carole Lynn.
|
| 245 |
1 |
0 |
|a Strange Jeremiahs :
|b Civil Religion and the Literary Imaginations of Jonathan Edwards, Herman Melville, and W. E. B. Du Bois /
|c Carole Lynn Stewart.
|
| 264 |
|
1 |
|a Albuquerque :
|b University of New Mexico Press,
|c 2010.
|
| 264 |
|
3 |
|a Baltimore, Md. :
|b Project MUSE,
|c 2012
|
| 264 |
|
4 |
|c ©2010.
|
| 300 |
|
|
|a 1 online resource (390 pages).
|
| 336 |
|
|
|a text
|b txt
|2 rdacontent
|
| 337 |
|
|
|a computer
|b c
|2 rdamedia
|
| 338 |
|
|
|a online resource
|b cr
|2 rdacarrier
|
| 490 |
0 |
|
|a Religions of the Americas series
|
| 504 |
|
|
|a Includes bibliographical references (p. 349-362) and index.
|
| 505 |
0 |
|
|a The beginning of the American Revolution in the conversion of Northampton. The travail of the Puritan covenant -- Original sin: human limitations and the openness of community -- God is no respecter of persons: the ordinary, lowly, and infantile nature of the revival -- The "strange revolution" and the aesthetics of grace -- The second great awakening, the national period, and Melville's American destiny. Pierre; or, The Ambiguities and the formation of the American dilemma -- A revolutionary marriage deferred -- The mystery of Melville's darkwoman -- From "self" to "soul": W.E.B. Du Bois's critical understanding of the ideals of liberal democracy in the new world. Strange Jeremiah: civil religion and the public intellectual -- Strivings and original sin: the unlovely, plural American soul -- The talented tenth and colonizing heroes -- Du Bois's aesthetic of beauty in the new world -- The irony of the American self.
|
| 588 |
|
|
|a Description based on print version record.
|
| 650 |
|
0 |
|a Civil religion
|z United States
|x History.
|
| 651 |
|
0 |
|a United States
|x Politics and government.
|
| 651 |
|
0 |
|a United States
|x History.
|
| 600 |
1 |
0 |
|a Du Bois, W. E. B.
|q (William Edward Burghardt),
|d 1868-1963
|x Criticism and interpretation.
|
| 600 |
1 |
0 |
|a Melville, Herman,
|d 1819-1891
|x Criticism and interpretation.
|
| 600 |
1 |
0 |
|a Edwards, Jonathan,
|d 1703-1758
|x Criticism and interpretation.
|
| 655 |
|
7 |
|a Electronic books.
|2 local
|
| 710 |
2 |
|
|a Project Muse.
|e distributor
|
| 830 |
|
0 |
|a Religions of the Americas series.
|
| 830 |
|
0 |
|a Book collections on Project MUSE.
|
| 856 |
4 |
0 |
|z Texto completo
|u https://projectmuse.uam.elogim.com/book/2123/
|
| 945 |
|
|
|a Project MUSE - Custom Collection
|
| 945 |
|
|
|a Project MUSE - 2010 Literature
|
| 945 |
|
|
|a Project MUSE - 2010 Complete
|